ARRUPE JESUIT UNIVERSITY

CORONAVIRUS -STOP THE SPREAD - CLEAN,DISINFECT,COVER

Heart of the saints (Record no. 130496)

MARC details
000 -LEADER
fixed length control field 00594nam a22001937a 4500
003 - CONTROL NUMBER IDENTIFIER
control field ARRUPE
005 - DATE AND TIME OF LATEST TRANSACTION
control field 20201015112113.0
008 - FIXED-LENGTH DATA ELEMENTS--GENERAL INFORMATION
fixed length control field 201015b ||||| |||| 00| 0 eng d
040 ## - CATALOGING SOURCE
Transcribing agency ARRUPE LIBRARY
050 ## - LIBRARY OF CONGRESS CALL NUMBER
Classification number BV4495.H32
300 ## - PHYSICAL DESCRIPTION
Dimensions 18cm.
100 ## - MAIN ENTRY--PERSONAL NAME
Personal name Johnston, Francis
9 (RLIN) 49861
245 ## - TITLE STATEMENT
Title Heart of the saints
Statement of responsibility, etc by Francis Johnston
260 ## - PUBLICATION, DISTRIBUTION, ETC. (IMPRINT)
Place of publication, distribution, etc London:
Name of publisher, distributor, etc T. Shand Publications;
Date of publication, distribution, etc 1983.
300 ## - PHYSICAL DESCRIPTION
Extent 331p. ;
650 ## - SUBJECT ADDED ENTRY--TOPICAL TERM
Topical term or geographic name as entry element Spiritual life
General subdivision Christianity
-- Miscellanea
9 (RLIN) 49862
650 ## - SUBJECT ADDED ENTRY--TOPICAL TERM
Topical term or geographic name as entry element Theology
General subdivision Miscellanea
9 (RLIN) 16543
650 ## - SUBJECT ADDED ENTRY--TOPICAL TERM
Source of heading or term Christian Saints
General subdivision Biography
9 (RLIN) 39325
942 ## - ADDED ENTRY ELEMENTS (KOHA)
Source of classification or shelving scheme Library of Congress Classification
Koha item type Monograph ( Printed materials)
Holdings
Withdrawn status Lost status Source of classification or shelving scheme Damaged status Not for loan Collection code Home library Current library Shelving location Date acquired Total Checkouts Full call number Barcode Date last seen Price effective from Koha item type
    Library of Congress Classification     Main Collection ARRUPE LIBRARY ARRUPE LIBRARY Main Collection 15/10/2020   BV4495.H32 46600008073 15/10/2020 15/10/2020 Monograph ( Printed materials)

 

Arrupe Library. PO Box MP320 Mt Pleasant, Harare, Zimbabwe
263 242 745411|librarian@aju.ac.zw